书目信息 |
| 题名: |
学校体育学
|
|
| 作者: | 沈建华 , 陈融 主编 | |
| 分册: | ||
| 出版信息: | 北京 高等教育出版社 |
|
| 页数: | 286页 | |
| 开本: | 20cm | |
| 丛书名: | ||
| 单 册: | ||
| 中图分类: | G807.0 | |
| 科图分类: | ||
| 主题词: | 体育理论 | |
| 电子资源: | ||
| ISBN: | 7-04-029732-9 | |
| 000 | 00610nam0 2200205 450 | |
| 001 | 2456359515 | |
| 005 | 20240606154306.98 | |
| 010 | @a7-04-029732-9@dCNY25.40 | |
| 100 | @a20240606d km y0chiy0120 ea | |
| 101 | 0 | @achi |
| 102 | @aCN@b110000 | |
| 200 | 1 | @a学校体育学@AXue Xiao Ti Yu Xue@f沈建华,陈融主编@FShen Jian Hua,Chen Rong Zhu Bian |
| 210 | @a北京@c高等教育出版社 | |
| 215 | @a286页@d20cm | |
| 606 | 0 | @a体育理论 |
| 690 | @aG807.0@v4 | |
| 701 | 0 | @a沈建华@AShen Jian Hua@4主编 |
| 701 | 0 | @a陈融@AChen Rong@4主编 |
| 801 | 0 | @aCN@b大连网信软件有限公司图书馆·11@c20240606 |
| 905 | @aZUCC@dG807.0@e353 | |
| 学校体育学/沈建华,陈融主编.-北京:高等教育出版社 |
| 286页;20cm |
| ISBN 7-04-029732-9:CNY25.40 |
| ● |
| 相关链接 |
|
|
|
|
正题名:学校体育学
索取号:G807.0/353
 
预约/预借
| 序号 | 登录号 | 条形码 | 馆藏地/架位号 | 状态 | 备注 |
| 1 | 1056412 | 210564129 | 密集书库-体育系/ [索取号:G807.0/353] | 在馆 | |
| 2 | 1056413 | 210564138 | 密集书库-体育系/ [索取号:G807.0/353] | 在馆 | |
| 3 | 1056417 | 210564174 | 密集书库-体育系/ [索取号:G807.0/353] | 在馆 | |
| 4 | 1056424 | 210564245 | 密集书库-体育系/ [索取号:G807.0/353] | 在馆 |